Song Titles - Places - Statistics

General Stats
  • This quiz has been taken 12 times
  • The average score is 10 of 30
Answer Stats
Hint Answer % Correct
****** Calling The Clash London
83%
Walking in ******* Marc Cohn Memphis
75%
Streets of ************ Bruce Springsteen Philadelphia
75%
******** ABBA Waterloo
75%
****** Girl Ed Sheeran Galway
58%
****** Camila Cabello Havana
58%
********* (Or Anywhere) The Beautiful South Rotterdam
50%
****** Ultravox Vienna
50%
******* Child Simple Minds Belfast
42%
******** George Ezra Budapest
42%
Night Boat to ***** Madness Cairo
42%
********** Barry Manilow Copacabana
42%
24 Hours From ***** Gene Pitney Tulsa
42%
Nice in **** The Stranglers Nice
33%
It's a Long Way to ********* Jack Judge Tipperary
33%
Is This the Way to ******** Neil Sedaka Amarillo
25%
Gimme Hope **'**** Eddy Grant Jo'anna
25%
Sunshine on ***** The Proclaimers Leith
25%
Going Down to ********* Katrina and the Waves Liverpool
25%
********* Express Crosby, Stills & Nash Marrakesh
25%
****** (City on the Black Sea) Bee Gees Odessa
25%
Fun in ******** Elvis Presley Acapulco
17%
******** (Not **************) The Four Lads Istanbul / Constantinople
17%
Stranger in ****** Michael Jackson Moscow
17%
Sealed with a ******* Kiss Carter USM Glasgow
8%
Il pleut sur ********* Dalida Bruxelles
0%
******** **** Lord Creator Kingston Town
0%
Il neige sur ***** Jacques Brel Liège
0%
******* *** Bobby Bloom Montego Bay
0%
*********** Lassie Freddy Cannon Tallahassee
0%
No matching quizzes found
Score Distribution
Percent of People with Each Score
Percentile by Number Answered
Your Score History
You have not taken this quiz